Normal view
MARC view
- سوء معاملة الأطفال-الأطفال والعنف
Entry Topical Term
001 - CONTROL NUMBER
- control field: 43744
003 - CONTROL NUMBER IDENTIFIER
- control field: JO-AjAnu
005 - DATE AND TIME OF LATEST TRANSACTION
- control field: 20230606081240.0
008 - FIXED-LENGTH DATA ELEMENTS
- fixed length control field: 230606|| aca||aabn | a|a d
040 ## - CATALOGING SOURCE
- Original cataloging agency: JO-AjAnu
- Transcribing agency: JO-AjAnu
150 ## - HEADING--TOPICAL TERM
- Topical term or geographic name entry element: سوء معاملة الأطفال-الأطفال والعنف
670 ## - SOURCE DATA FOUND
- Source citation: Work cat.: (JO-AjAnu)22395: دروزه،ندى معدة/عياصرة،أحمد معد/العجم،إيمان معده/المومني،محمد عكاشة معد/ششتاوي،هشام معد, author 43743, دليل المرشدين والمرشدات التربويين في المدارس الأردنية حول حماية الأطفال من الإساءة(8-12)